000 00209nam a2200097Ia 4500
008 240331s9999 xx 000 0 und d
082 _bMAR
100 _aMarga
245 0 _aMarga :
_bquarterly journal
942 _cL
999 _c5502
_d5502